Drapeaux du monde - Couleurs - Statistiques

Statistiques générales
  • Ce quiz a été pris 76 fois
    9 depuis la dernière actualisation
  • Le résultat moyen est 151 sur 480
Statistiques - réponses
Par images Réponse % Correct
France
88%
Blanc
75%
Bleu
75%
Rouge
75%
Australie
50%
Blanc
50%
Blanc
50%
Blanc
50%
Blanc
50%
Blanc
50%
Blanc
50%
Blanc
50%
Blanc
50%
Blanc
50%
Blanc
50%
Blanc
50%
Blanc
50%
Bleu
50%
Bleu
50%
Bleu
50%
Bleu
50%
Bleu
50%
Brésil
50%
Canada
50%
Chine
50%
Etats-Unis
50%
Grèce
50%
Inde
50%
Indonésie
50%
Italie
50%
Japon
50%
Jaune
50%
Jaune
50%
Mexique
50%
Orange
50%
Rouge
50%
Rouge
50%
Rouge
50%
Rouge
50%
Rouge
50%
Rouge
50%
Rouge
50%
Rouge
50%
Rouge
50%
Rouge
50%
Royaume-Uni
50%
Vert
50%
Vert
50%
Vert
50%
Vert
50%
Algérie
38%
Allemagne
38%
Bhoutan
38%
Blanc
38%
Blanc
38%
Blanc
38%
Blanc
38%
Blanc
38%
Blanc
38%
Blanc
38%
Blanc
38%
Blanc
38%
Blanc
38%
Blanc
38%
Blanc
38%
Blanc
38%
Blanc
38%
Blanc
38%
Blanc
38%
Blanc
38%
Blanc
38%
Blanc
38%
Blanc
38%
Blanc
38%
Blanc
38%
Blanc
38%
Blanc
38%
Blanc
38%
Blanc
38%
Blanc
38%
Blanc
38%
Bleu
38%
Bleu
38%
Bleu
38%
Bleu
38%
Bleu
38%
Bleu
38%
Bleu
38%
Bleu
38%
Bleu
38%
Bleu
38%
Bleu
38%
Bleu
38%
Bleu
38%
Bleu
38%
Bleu
38%
Bleu
38%
Chypre
38%
Colombie
38%
Corée du Sud
38%
Croatie
38%
Cuba
38%
Danemark
38%
Egypte
38%
Finlande
38%
Irak
38%
Islande
38%
Israël
38%
Jamaïque
38%
Jaune
38%
Jaune
38%
Jaune
38%
Jaune
38%
Jaune
38%
Jaune
38%
Jaune
38%
Jaune
38%
Liban
38%
Libye
38%
Macédoine du Nord
38%
Madagascar
38%
Maroc
38%
Marron
38%
Mauritanie
38%
Népal
38%
Nigéria
38%
Noir
38%
Noir
38%
Noir
38%
Noir
38%
Noir
38%
Norvège
38%
Nouvelle-Zélande
38%
Or
38%
Or
38%
Or
38%
Or
38%
Or
38%
Orange
38%
Orange
38%
Orange
38%
Pérou
38%
Pologne
38%
Pourpre
38%
Rouge
38%
Rouge
38%
Rouge
38%
Rouge
38%
Rouge
38%
Rouge
38%
Rouge
38%
Rouge
38%
Rouge
38%
Rouge
38%
Rouge
38%
Rouge
38%
Rouge
38%
Rouge
38%
Rouge
38%
Rouge
38%
Rouge
38%
Rouge
38%
Rouge
38%
Rouge
38%
Rouge
38%
Rouge
38%
Rouge
38%
Rouge
38%
Rouge
38%
Rouge
38%
Rouge
38%
Russie
38%
Somalie
38%
Sri Lanka
38%
Suède
38%
Suisse
38%
Tunisie
38%
Turquie
38%
Ukraine
38%
Uruguay
38%
Vert
38%
Vert
38%
Vert
38%
Vert
38%
Vert
38%
Vert
38%
Vert
38%
Vert
38%
Vert
38%
Vert
38%
Vert
38%
Viêt Nam
38%
Afrique du Sud
25%
Argent
25%
Azerbaïdjan
25%
Bahamas
25%
Bénin
25%
Birmanie
25%
Blanc
25%
Blanc
25%
Blanc
25%
Blanc
25%
Blanc
25%
Blanc
25%
Blanc
25%
Blanc
25%
Blanc
25%
Blanc
25%
Blanc
25%
Blanc
25%
Blanc
25%
Blanc
25%
Blanc
25%
Blanc
25%
Blanc
25%
Blanc
25%
Blanc
25%
Blanc
25%
Blanc
25%
Blanc
25%
Blanc
25%
Blanc
25%
Blanc
25%
Blanc
25%
Blanc
25%
Blanc
25%
Blanc
25%
Blanc
25%
Blanc
25%
Blanc
25%
Blanc
25%
Blanc
25%
Blanc
25%
Blanc
25%
Blanc
25%
Blanc
25%
Bleu
25%
Bleu
25%
Bleu
25%
Bleu
25%
Bleu
25%
Bleu
25%
Bleu
25%
Bleu
25%
Bleu
25%
Bleu
25%
Bleu
25%
Bleu
25%
Bleu
25%
Bleu
25%
Bleu
25%
Bleu
25%
Bleu
25%
Bleu
25%
Bleu
25%
Bleu
25%
Bleu
25%
Bleu
25%
Bleu
25%
Bleu
25%
Bleu
25%
Bleu
25%
Bleu
25%
Bleu
25%
Bleu ciel
25%
Burundi
25%
Cambodge
25%
Cameroun
25%
Dominique
25%
Équateur
25%
Espagne
25%
Éthiopie
25%
Fidji
25%
Ghana
25%
Grenade
25%
Gris
25%
Gris
25%
Guatemala
25%
Guinée
25%
Guinée équatoriale
25%
Guyana
25%
Île Maurice
25%
Jaune
25%
Jaune
25%
Jaune
25%
Jaune
25%
Jaune
25%
Jaune
25%
Jaune
25%
Jaune
25%
Jaune
25%
Jaune
25%
Jaune
25%
Jaune
25%
Jaune
25%
Jaune
25%
Jaune
25%
Jaune
25%
Jaune
25%
Jaune
25%
Jaune
25%
Jaune
25%
Jaune
25%
Jaune
25%
Jaune
25%
Jaune
25%
Jaune
25%
Jaune
25%
Jaune
25%
Jaune
25%
Jaune
25%
Jaune
25%
Jaune
25%
Jaune
25%
Jaune
25%
Jaune
25%
Jaune
25%
Jaune
25%
Jaune
25%
Jordanie
25%
Kirghizistan
25%
Kiribati
25%
Lettonie
25%
Mali
25%
Marron
25%
Marron
25%
Marron
25%
Monaco
25%
Mongolie
25%
Monténégro
25%
Noir
25%
Noir
25%
Noir
25%
Noir
25%
Noir
25%
Noir
25%
Noir
25%
Noir
25%
Noir
25%
Noir
25%
Noir
25%
Noir
25%
Noir
25%
Noir
25%
Noir
25%
Oman
25%
Or
25%
Or
25%
Or
25%
Or
25%
Or
25%
Or
25%
Or
25%
Or
25%
Or
25%
Or
25%
Or
25%
Or
25%
Orange
25%
Orange
25%
Ouganda
25%
Panama
25%
Paraguay
25%
Portugal
25%
République Centrafricaine
25%
République démocratique du Congo
25%
Rose
25%
Rouge
25%
Rouge
25%
Rouge
25%
Rouge
25%
Rouge
25%
Rouge
25%
Rouge
25%
Rouge
25%
Rouge
25%
Rouge
25%
Rouge
25%
Rouge
25%
Rouge
25%
Rouge
25%
Rouge
25%
Rouge
25%
Rouge
25%
Rouge
25%
Rouge
25%
Rouge
25%
Rouge
25%
Rouge
25%
Rouge
25%
Rouge
25%
Rouge
25%
Rouge
25%
Rouge
25%
Rouge
25%
Rouge
25%
Rouge
25%
Rouge
25%
Rouge
25%
Rouge
25%
Rouge
25%
Rouge
25%
Rouge
25%
Rouge
25%
Rouge
25%
Rouge
25%
Rouge
25%
Rouge
25%
Rouge
25%
Rouge
25%
Rouge
25%
Rouge
25%
Rouge
25%
Rouge
25%
Rouge
25%
Rouge
25%
Rouge
25%
Rouge
25%
Rouge
25%
Rouge
25%
Rouge
25%
Rouge
25%
Rouge
25%
Rouge
25%
Saint-Vincent-et-les- Grenadines
25%
Sao Tomé-et-Principe
25%
Sénégal
25%
Serbie
25%
Seychelles
25%
Slovaquie
25%
Slovénie
25%
Soudan
25%
Soudan du Sud
25%
Turkménistan
25%
Vanuatu
25%
Vatican
25%
Vert
25%
Vert
25%
Vert
25%
Vert
25%
Vert
25%
Vert
25%
Vert
25%
Vert
25%
Vert
25%
Vert
25%
Vert
25%
Vert
25%
Vert
25%
Vert
25%
Vert
25%
Vert
25%
Vert
25%
Vert
25%
Vert
25%
Vert
25%
Vert
25%
Vert
25%
Vert
25%
Vert
25%
Vert
25%
Vert
25%
Vert
25%
Vert
25%
Vert
25%
Vert
25%
Vert
25%
Vert
25%
Vert
25%
Vert
25%
Vert
25%
Vert
25%
Vert
25%
Vert
25%
Vert
25%
Vert
25%
Vert
25%
Violet
25%
Zambie
25%
Zimbabwe
25%
Aucun quiz correspondant
Distribution des résultats
% des personnes avec chaque résultat
Percentile par nombre de réponses
Votre historique - résultats
Vous n’avez pas pris ce quiz depuis la dernière actualisation